Search the Library Catalogue
| 000 -LEADER | |
|---|---|
| fixed length control field | 00769nam a2200229Ia 4500 |
| 008 - FIXED-LENGTH DATA ELEMENTS--GENERAL INFORMATION | |
| fixed length control field | 191130s2002##################000#0#eng## |
| 020 ## - INTERNATIONAL STANDARD BOOK NUMBER | |
| ISBN | 9780787656423 |
| 082 ## - DEWEY DECIMAL CLASSIFICATION NUMBER | |
| Classification number | 347.737 KNA.1 |
| 245 ## - TITLE STATEMENT | |
| Title | Great American trials |
| Statement of responsibility, etc | Edward W. Knappman, editor ; Stephen G. Christianson and Lisa Paddock, consulting legal editors |
| 250 ## - EDITION STATEMENT | |
| Edition statement | 2nd ed |
| 260 ## - PUBLICATION, DISTRIBUTION, ETC. (IMPRINT) | |
| Place of publication | Farmington Hills, MI |
| Name of publisher | Gale Group/Thomson Learning |
| Year of publication | c2002 |
| 300 ## - PHYSICAL DESCRIPTION | |
| Number of Pages | 1 v. : ill. ; 24 cm |
| 500 ## - GENERAL NOTE | |
| General note | Includes bibliographical references and index |
| 650 ## - SUBJECT ADDED ENTRY--TOPICAL TERM | |
| Topical Term | Trials - United States |
| 700 ## - ADDED ENTRY--PERSONAL NAME | |
| Personal name | Christianson, Stephen G |
| Personal name | Knappman, Edward W |
| Personal name | Paddock, Lisa Olson |
| 991 ## - | |
| -- | 293207 |
| Withdrawn status | Lost status | Damaged status | Not for loan | Home library | Current library | Shelving location | Date acquired | Full call number | Accession Number | Price effective from | Koha item type |
|---|---|---|---|---|---|---|---|---|---|---|---|
| Anna Centenary Library | Anna Centenary Library | 4TH FLOOR, A WING | 13.10.2020 | 347.737 KNA.1 | 204486 | 13.10.2020 | English Books |